Canzoni al Secondo posto Festival di Sanremo - Statistics

Statistiche generali
  • Questo quiz è stato fatto 52 volte
    43 dall'ultimo reset
  • Il punteggio medio è 24 su 72
Statistiche sulle risposte
Anno Secondo Posto Canzone al secondo posto % Corretto
2023 Lazza Cenere
87%
2018 Lo Stato Sociale Una vita in vacanza
81%
2021 Francesca Michielin e Fedez Chiamami per nome
77%
2020 Francesco Gabbani Viceversa
77%
2017 Fiorella Mannoia Che sia benedetta
74%
2012 Arisa La notte
74%
2016 Francesca Michielin Nessun grado di separazione
71%
1981 Loretta Goggi Maledetta primavera
68%
2001 Giorgia Di sole e d'azzurro
65%
2015 Nek Fatti avanti amore
65%
2011 Modà ed Emma Arriverà
61%
2019 Ultimo I tuoi particolari
61%
1996 Elio e le Storie Tese La terra dei cachi
58%
2022 Elisa O forse sei tu
58%
1982 Al Bano e Romina Power Felicità
55%
2013 Elio e le Storie Tese La canzone mononota
55%
2009 Povia Luca era gay
55%
2003 Alex Britti 7000 caffè
52%
1994 Giorgio Faletti Signor tenente
52%
1992 Mia Martini Gli uomini non cambiano
45%
2010 Pupo, Emanuele Filiberto di Savoia e Luca Canonici Italia amore mio
45%
2000 Irene Grandi La tua ragazza sempre
45%
1966 Caterina Caselli e Gene Pitney Nessuno mi può giudicare
45%
1991 Renato Zero Spalle al muro
45%
1971 Ricchi e Poveri e José Feliciano Che sarà
42%
2002 Alexia Dimmi come...
42%
2006 Nomadi Dove si va
42%
1986 Renzo Arbore Il clarinetto
42%
1995 Gianni Morandi e Barbara Cola In amore
42%
2024 Geolier I p' me, tu p' te
42%
1985 Luis Miguel Noi ragazzi di oggi
42%
1993 Cristiano De André Dietro la porta
39%
2008 Anna Tatangelo Il mio amico
39%
1989 Toto Cutugno Le mamme
39%
1978 Anna Oxa Un'emozione da poco
39%
1987 Toto Cutugno Figli
35%
1970 Nicola Di Bari e Ricchi e Poveri La prima cosa bella
35%
1997 Anna Oxa Storie
29%
1983 Donatella Milani Volevo dirti
29%
1961 Adriano Celentano e Little Tony 24 mila baci
23%
1952 Papaveri e papere Papaveri e papere
23%
1984 Toto Cutugno Serenata
23%
1998 Antonella Ruggiero Amore lontanissimo
19%
1968 Ornella Vanoni e Marisa Sannia Casa bianca
19%
1988 Toto Cutugno Emozioni
19%
1990 Toto Cutugno Gli amori
19%
1969 Sergio Endrigo e Mary Hopkin Lontano dagli occhi
19%
1972 Peppino Gagliardi Come le viole
16%
1999 Antonella Ruggiero Non ti dimentico (Se non ci fossero le nuvole)
16%
2004 Mario Rosini Sei la vita mia
16%
1979 Enzo Carella Barbara
13%
2007 Al Bano Nel perdono
13%
1980 Enzo Malepasso Ti voglio bene
13%
1977 Collage Tu mi rubi l'anima
13%
2005 Toto Cutugno e Annalisa Minetti Come noi nessuno al mondo
10%
1976 Wess e Dori Ghezzi Come stai, con chi sei
10%
1958 Nilla Pizzi e Tonina Torrielli L'edera
10%
2014 Raphael Gualazzi e The Bloody Beetroots Liberi o no
10%
1975 Angela Luce Ipocrisia
6%
1951 Nilla Pizzi e Achille Togliani La luna si veste d'argento
6%
1960 Domenico Modugno e Teddy Reno Libero
6%
1956 Tonina Torrielli Amami se vuoi
3%
1963 Claudio Villa e Eugenia Foligatti Amor mon amour my love
3%
1953 Nilla Pizzi e Teddy Reno Campanaro
3%
1954 Katyna Ranieri e Achille Togliani Canzone da due soldi
3%
1973 Peppino Gagliardi Come un ragazzino
3%
1955 Claudio Villa e Tullio Pane Il torrente
3%
1959 Arturo Testa e Gino Latilla Io sono il vento
3%
1967 Annarita Spinaci e Les Surfs Quando dico che ti amo
3%
1962 Sergio Bruni e Milva Tango italiano
3%
1957 Claudio Villa e Giorgio Consolini Usignolo
3%
1974 Domenico Modugno Questa è la mia vita
0%
Nessun quiz corrispondente trovato
Distribuzione punteggi
Percentuale di utenti per punteggio
Percentile per numero di risposta
I tuoi punteggi nel tempo
Non hai fatto questo quiz dall'ultimo reset